Statistics for Scream

Click here to take the quiz!

General Stats

  • This quiz has been taken 150 times
  • The average score is 5 of 15

Answer Stats

HintAnswer% Correct
Who were the first two people we see killed on screenSteven Orth & Casey Becker
68%
Who was the first victim of the killerMaureen Prescott
61%
What was the original working title for the filmScary Movie
60%
Finish the Line: If you hang up on me again.....I'll gut you like a fish
58%
Whose voice was used for GhostfaceRoger L. Jackson
49%
Who gives the killer the name GhostfaceTatum Riley
48%
What is the principals name at Woodsboro HighArthur Himbry
44%
What is the janitors name at Woodsboro HighFred
29%
Whose house does Casey's father tell her mother to drive toThe Mackenzie's
29%
Whats the actual name of the costume worn by the killerFather Death
19%
Who was in the Ghostface costume the first time he appears on screenWes Craven
17%
Who was the real life inspiration behind the filmDanny Rolling aka the Gainesville Ripper
8%
How long did it take Williamson to write the screenplay3 days
7%
Who was Williamson's top choice to play SydneyMolly Ringwald
1%
"How do you gut someone"?You take a knife and split em from groin to sternum
0%

Score Distribution

Percentile by Number Answered

Percent of People with Each Score

Your Score History

You have not taken this quiz